Interpretaciones fenomenológicas sobre Aristóteles (Indicación de la situación hermenéutica) Informe Natorp
Збережено в:
| Автор: | |
|---|---|
| Інші автори: | |
| Формат: | Невідомо |
| Мова: | Англійська |
| Опубліковано: |
Madrid, España.
Trotta,
2002
|
| Редагування: | Primera edición |
| Серія: | Colección Estructuras y Procesos; Serie Filosofía
|
| Предмети: | |
| Теги: |
Додати тег
Немає тегів, Будьте першим, хто поставить тег для цього запису!
|
MARC
| LEADER | 00000 a2200000 4500 | ||
|---|---|---|---|
| 003 | CL-VaPUC | ||
| 005 | 20250131110047.0 | ||
| 008 | 210422b ||||| |||| 00| 0 eng d | ||
| 999 | |c 432765 |d 432763 | ||
| 020 | |a 9788481645521 | ||
| 040 | |c Pontificia Universidad Católica de Valparaíso | ||
| 082 | |a 193 HEI 2002 | ||
| 100 | |a Heidegger, Martin |e autor |9 896069 | ||
| 245 | |a Interpretaciones fenomenológicas sobre Aristóteles |b (Indicación de la situación hermenéutica) Informe Natorp | ||
| 250 | |a Primera edición | ||
| 260 | |a Madrid, España. |b Trotta, |c 2002 | ||
| 300 | |a 117 páginas | ||
| 440 | |a Colección Estructuras y Procesos; |p Serie Filosofía |9 861915 | ||
| 583 | |k Cristina Rojas |c 20210422 | ||
| 600 | 0 | |a Aristóteles, |d 384 a.C.- 322 a.C. |9 194 | |
| 650 | 0 | |a Fenomenología |9 256519 | |
| 650 | 0 | |9 223554 |a Filosofía | |
| 700 | |a Escudero, Jesús Adrián |e editor |e traductor |9 862003 | ||
| 942 | |2 ddc |c BK | ||
| 952 | |0 0 |1 0 |2 ddc |4 0 |6 193_000000000000000_HEI_2002 |7 0 |8 A |9 578287 |a BIBEDU |b BIBEDU |d 2021-06-24 |e 74 |g 16201.00 |i 5585686 |l 3 |m 2 |o 193 HEI 2002 |p 5585686 |r 2024-10-07 |s 2024-09-23 |t 1 |v 16201.00 |w 2021-06-24 |y BK |k FIL | ||